Governo e cidadania : balanço e reflexoes sobre o modo petista de governar /
Estudio sobre el desempeño y la plataforma política de los partidos de izquierda brasileños, específicamente los laboristas, a partir de 1982.
Shranjeno v:
| Glavni avtor: | |
|---|---|
| Drugi avtorji: | , |
| Format: | Knjiga |
| Jezik: | portugalščina |
| Izdano: |
São Paulo, Brasil
Fundação Perseu Abramo,
2002, c2002
|
| Teme: | |
| Oznake: |
Brez oznak, prvi označite!
|
MARC
| LEADER | 00000nam^a2200000^a^4500 | ||
|---|---|---|---|
| 001 | 000174027 | ||
| 005 | 20250521000000.0 | ||
| 009 | 20260310101515.21 | ||
| 020 | |a 85-86469-22-X | ||
| 037 | |a Acervo ITESO - Biblioteca | ||
| 041 | |a POR | ||
| 082 | |a 320. 9810711 |b MAG | ||
| 100 | |a Magalhaes, Inês |e (coord.) | ||
| 245 | 1 | 0 | |a Governo e cidadania : |b balanço e reflexoes sobre o modo petista de governar / |c Coord. de I. Magalhaes, L. Barreto, V. Trevas. |
| 264 | 4 | |a São Paulo, Brasil |b Fundação Perseu Abramo, |c 2002, c2002 | |
| 300 | |a 247 p. | ||
| 336 | |a texto |b txt |2 rdacontenido | ||
| 337 | |a sin mediación |b n |2 rdamedio | ||
| 338 | |a volumen |b nc |2 rdasoporte | ||
| 520 | |a Estudio sobre el desempeño y la plataforma política de los partidos de izquierda brasileños, específicamente los laboristas, a partir de 1982. | ||
| 649 | |a XX | ||
| 650 | |a Partidos de Izquierda - |z Brasil | ||
| 650 | |a Partidos Políticos - |z Brasil | ||
| 650 | |a Participación Política - |z Brasil | ||
| 650 | |a Federalismo - |z Brasil | ||
| 650 | |a Sistema Político - |z Brasil | ||
| 650 | |a Política Municipal - |z Brasil | ||
| 650 | |a Ciudadanía - |z Brasil | ||
| 650 | |a Igualdad y Desigualdad - |z Brasil | ||
| 650 | |a Política Social - |z Brasil | ||
| 650 | |a Urbanismo - |z Brasil | ||
| 650 | |a Política - |z Brasil - |x Historia - |y 1964-1985 | ||
| 650 | |a Política - |z Brasil - |x Historia - |y 1985-1990 | ||
| 650 | |a Política - |z Brasil - |x Historia - |y 1990-1992 | ||
| 650 | |a Política - |z Brasil - |x Historia - |y 1992-1995 | ||
| 650 | |a Política - |z Brasil - |x Historia - |y 1995-2003 | ||
| 650 | |a Política - |z Brasil - |x Historia - |y 2003-2011 | ||
| 650 | |a Política - |z Brasil - |x Historia - |y Siglo XX | ||
| 650 | |a Política - |z Brasil - |x Historia - |y Siglo XXI | ||
| 700 | |a Barreto, Luiz |e (coordinación) | ||
| 700 | |a Trevas, Vicente |e (coordinación) | ||
| 910 | |a Fondo General | ||
| 920 | |a Impresos - Libros | ||
| 930 | |a Colección General | ||
| 905 | |a 101 | ||
| 901 | |a 0500111821 |b IT1 |c ACC |u 20250521 | ||
| 902 | |a https://opac.biblio.iteso.mx/vufind/Record/000174027 | ||